Institution of Beneficial Lottery

Inštitút charitatívnej lotérie, typ hazardnej a lotériovej hry so znakmi číselnej a stávkovej hry, ako alternatívny zdroj financovania určený pre vymedzené právne formy neziskových účtovných jednotiek. Analýza vývoja legislatívnych úprav a súčasného právneho stavu tohto inštitútu v zahraničí a na Sl...

Celý popis

Uložené v:
Podrobná bibliografia
Hlavný autor: Kordošová, Alena, 1970-
Médium: Kapitola
Jazyk:Slovak
Predmet:
Tagy: Pridať tag
Žiadne tagy, Buďte prvý, kto otaguje tento záznam!

MARC

LEADER 00000naa$a2200000$$$4500
001 0268709
005 20240502083805.7
041 0 |a slo 
044 |a CZ 
245 1 0 |a Institution of Beneficial Lottery  |c Alena Kordošová 
520 |a Inštitút charitatívnej lotérie, typ hazardnej a lotériovej hry so znakmi číselnej a stávkovej hry, ako alternatívny zdroj financovania určený pre vymedzené právne formy neziskových účtovných jednotiek. Analýza vývoja legislatívnych úprav a súčasného právneho stavu tohto inštitútu v zahraničí a na Slovensku (Úrad pre reguláciu hazardných hier), jeho postavenie a osobitosti v Európe a na Slovensku (TIPOS, LOTKA). Analýza na základe dlhoročného pozorovania procesu diskusie zástupcov tretieho sektora a Ministerstva financií SR. 
610 2 0 |a hry hazardné 
610 2 0 |a lotérie 
610 2 0 |a formy financovania 
610 2 0 |a jednotka účtovná 
610 2 0 |a organizácie neziskové 
610 2 0 |a legislatíva 
610 2 0 |a Slovensko 
610 2 0 |a Európa 
100 1 |a Kordošová, Alena, 1970-